[Event "7th Uppsala Young Champions"]
[Site "Uppsala"]
[Date "2020.10.24"]
[Round "3.7"]
[White "Soderstrom, Adrian"]
[Black "Seo, Jung Min"]
[Result "*"]
[WhiteElo "2168"]
[BlackElo "2455"]
[Annotator "TA"]
[PlyCount "28"]
[EventDate "2020.10.23"]
[EventType "swiss"]
[EventCountry "SWE"]
[SourceTitle "playchess.com"]
[Source "ChessBase"]
[SourceQuality "1"]

{[%evp 5,5,26]} 1. d4 e6 2. c4 f5 3. a3 {[#] A rather calm draw.} {Predecessor:} Nf6 $146 4. Nc3 b6 5. d5 Bb7 6. g3 {A40: Unusual replies to 1 d4.} Bd6 7. Bg2 Be5 8. Bd2 O-O 9. Nh3 Qe8 10. O-O Na6 11. b4 c5 12. Qb3 exd5 13. cxd5 Rc8 14. Rad1 d6 {1-0 (24) Korobov,A (2668)-Sasikiran,K (2656) Moscow 2019} *

[Event "7th Uppsala Young Champions"]
[Site "Uppsala"]
[Date "2020.10.24"]
[Round "3.8"]
[White "Kruckenhauser, Arthur"]
[Black "Wernberg, Hugo"]
[Result "0-1"]
[WhiteElo "2301"]
[BlackElo "2211"]
[Annotator "TA"]
[PlyCount "96"]
[EventDate "2020.10.23"]
[EventType "swiss"]
[EventCountry "SWE"]
[SourceTitle "playchess.com"]
[Source "ChessBase"]
[SourceQuality "1"]

{[%evp 10,96,33,2,0,0,14,0,0,-30,-16,-38,-21,-35,-14,-4,53,58,58,0,21,-35,-27,-109,-121,-122,-108,-100,-90,-319,-327,-327,-322,-340,-339,-446,-450,-517,-531,-578,-544,-562,-565,-572,-572,-567,-531,-571,-498,-495,-481,-492,-489,-487,-455,-448,-431,-543,-575,-621,-618,-589,-378,-375,-359,-586,-584,-534,-572,-667,-617,-833,-811,-12790,-5389,-29960,-29960,-29979,-29980,-29982,-29983,-29985,-29986,-29986,-29987,-29991,-29992,-29994,-29995]} 1. e4 c5 2. Nf3 d6 3. d4 cxd4 4. Nxd4 Nf6 5. Nc3 a6 6. Qf3 g6 {B90: Sicilian Najdorf: Unusual White 6th moves, 6 Be3 Ng4 and 6 Be3 e5.} 7. h3 Bg7 8. Be3 Bd7 {The position is equal.} 9. g4 {was the old line (9.0-0-0).} Nc6 10. O-O-O Rc8 11. Qg2 O-O 12. f4 {[#]} Qa5 $146 (12... Nxd4 $11 13. Bxd4 Qa5) ({Predecessor:} 12... Nxd4 13. Bxd4 Qa5 14. Qg1 Rxc3 15. Bxc3 Qxa2 16. Bg2 Rc8 17. Qe3 Ba4 18. e5 dxe5 19. fxe5 {0-1 (30) Mihok,O (2541)-Aczel,G (2549) Budapest 2018}) 13. Nb3 $1 $14 {[%cal Rb3a5]} Qd8 $1 14. g5 Nh5 15. Be2 (15. Nd5 $1 $11) 15... Nb4 {And now ...Rxc3 would win.} 16. Kb1 (16. e5 $1 $11 {keeps the balance.}) 16... Bxc3 $17 17. bxc3 Rxc3 {[%mdl 64] [#] Double Attack} 18. Bd2 Rxc2 {Threatens to win with ...Qc7.} 19. Qf2 $2 {Loses the game.} (19. Bxb4 $17 Nxf4 {[%mdl 64] Double Attack} 20. Qh2 Rxe2 {[%mdl 64] Double Attack} 21. Qxf4) 19... Bb5 $19 {Strongly threatening ...Bd3.} 20. Bxb4 Rxe2 {[%mdl 64] Double Attack} 21. Qf3 Qb6 22. Nd4 {[#]} Bd3+ $1 {[%mdl 576] Discovered Attack} 23. Rxd3 Qxb4+ 24. Rb3 Re1+ (24... Qxd4 $2 25. Qxe2 Nxf4 26. Qc2 $19) 25. Rxe1 Qxe1+ 26. Kb2 Qd2+ 27. Nc2 Rc8 28. Qd3 Qxd3 29. Rxd3 Nxf4 {[%mdl 4096] Endgame KRN-KRN} 30. Rb3 b5 31. Ne3 Kf8 32. h4 Ne6 {aiming for ...Nc5.} 33. Rd3 Nc5 34. Rd4 Na4+ 35. Kb1 Rc6 36. e5 Ke8 37. Ng4 $2 (37. exd6 {was forced.} Nc3+ 38. Ka1) 37... Rc4 38. Rxc4 bxc4 39. exd6 exd6 {KN-KN} 40. Nf6+ Ke7 41. Nxh7 Nc3+ 42. Kb2 Ne4 {Black mates.} 43. Kc2 d5 44. a4 d4 45. a5 d3+ 46. Kc1 c3 47. Kd1 Nf2+ 48. Kc1 d2+ {Av CentiPawn Loss W=-82/B=-36. Weighted=-69/-47} 0-1

[Event "7th Uppsala Young Champions"]
[Site "Uppsala"]
[Date "2020.10.24"]
[Round "3.9"]
[White "Nilssen, Ellen Fredericia"]
[Black "Stalmach, Richard"]
[Result "1/2-1/2"]
[WhiteElo "2209"]
[BlackElo "2296"]
[Annotator "TA"]
[PlyCount "79"]
[EventDate "2020.10.23"]
[EventType "swiss"]
[EventCountry "SWE"]
[SourceTitle "playchess.com"]
[Source "ChessBase"]
[SourceQuality "1"]

{[%evp 15,79,36,33,0,0,0,11,0,0,-14,-9,-14,-5,-5,-7,-20,-6,-27,-25,-56,-48,-92,0,0,0,0,0,0,0,-17,-18,-10,-14,-15,-16,-59,-43,-46,-48,-60,-60,-58,-53,-95,-20,-37,0,-228,-237,-248,-243,-235,-209,-248,0,0,387,387,387,379,379,0,362,0,311,0]} 1. d4 g6 2. c4 Bg7 3. g3 d6 4. Bg2 Nf6 5. Nf3 O-O 6. O-O a6 7. Nc3 Nc6 8. b3 $1 {[%mdl 4] is more profitable than 8.h3 at the moment.} Rb8 9. Qd3 {E63: King's Indian: Fianchetto: Panno Variation with 7...a6.} b5 10. cxb5 axb5 {[#]} 11. Nxb5 $146 {The position is equal.} ({Predecessor:} 11. Bb2 Bf5 12. e4 Nxe4 13. Nxe4 d5 14. Qc3 dxe4 15. Qxc6 exf3 16. Bxf3 Bxd4 17. Bxd4 Qxd4 {0-1 (34) Castaneda,V (1907)-Requejo,O (2302) Bogota 2013}) 11... Ba6 12. a4 Na7 13. Qc2 Nxb5 14. axb5 Bxb5 15. Ra7 Nd5 16. Re1 c6 17. Bg5 Qb6 18. Rea1 Rfe8 (18... c5 $1 $17 19. Ne5 cxd4) 19. e4 $11 Nc7 20. e5 Nd5 21. Qd2 Rb7 22. Ra8 Rxa8 23. Rxa8+ Rb8 24. Rxb8+ Qxb8 25. Qa5 h6 $36 {[%mdl 2048] Black has the initiative.} 26. Bd2 Kh7 {[%cal Rd6e5]} 27. h4 dxe5 28. dxe5 Bxe5 29. h5 Bc7 ({Black should try} 29... g5 $17 {next ...Bg7 is good for Black.} 30. Bb4 Qc7 31. Qxc7 Bxc7) 30. Qa1 Bb6 31. Qb1 $2 (31. Ne5 $11 {and White stays safe.}) 31... Qxg3 $1 $19 32. hxg6+ fxg6 33. Qe1 {intending Qe6.} Bd3 34. Qe6 Qxf2+ $2 ({Black should play} 34... Bxf2+ $19 35. Kh1 Bd4 $1 {[%mdl 576] Deflection, Decoy} 36. Nxd4 Qh4+ {[%mdl 64] Double Attack} 37. Kg1 Qxd4+ 38. Kh2 Qf2) 35. Kh1 $11 {Qf7+ would kill now.} Bd4 $2 {[%mdl 8192]} (35... Kg7 $11 36. Bc3+ Nxc3 37. Qxe7+ Kh8 38. Qe8+ Kh7) 36. Qf7+ $18 Kh8 {White must now prevent ...Bg7.} 37. Qf8+ {[%mdl 64] Double Attack} Kh7 38. Qf7+ Kh8 {Hoping for ...Bg7.} 39. Qf8+ {[%mdl 64] Double Attack} Kh7 40. Qf7+ $2 {What a bad dream for Black. Av CentiPawn Loss W=-29/B=-50. Weighted=-41/-67} (40. Bxh6 $18 {[%cal Rf3g5]} g5 {[#]} 41. Bg7 $1 {[%mdl 512]} (41. Nxg5+ Kg6 $11) (41. Bxg5 Bg7 $15) 41... Qxg2+ 42. Kxg2 Bxg7 43. Nxg5+ Kg6 44. Qg8 Kxg5 45. Qxg7+ Kf5 46. Kg3) 1/2-1/2

[Event "7th Uppsala Young Champions"]
[Site "Uppsala"]
[Date "2020.10.24"]
[Round "3.10"]
[White "Mica, Marek"]
[Black "Trost, Edvin"]
[Result "1/2-1/2"]
[WhiteElo "2294"]
[BlackElo "2202"]
[Annotator "TA"]
[PlyCount "71"]
[EventDate "2020.10.23"]
[EventType "swiss"]
[EventCountry "SWE"]
[SourceTitle "playchess.com"]
[Source "ChessBase"]
[SourceQuality "1"]

{[%evp 26,71,12,0,23,18,26,27,35,14,81,85,146,96,140,140,155,152,166,139,162,166,158,162,111,151,145,125,109,6,10,7,8,10,8,8,8,0,84,15,19,0,0,0,0,0,0,0]} 1. c4 e6 2. d4 Nf6 3. Nf3 d5 4. Nc3 c5 5. cxd5 Nxd5 6. e4 Nxc3 7. bxc3 cxd4 8. cxd4 Bb4+ 9. Bd2 Bxd2+ 10. Qxd2 O-O 11. Bc4 Nd7 12. O-O b6 13. Rad1 Bb7 14. Rfe1 Nf6 {D41: Queen's Gambit Declined: Semi-Tarrasch with 5 cxd5.} 15. d5 exd5 16. exd5 Qd6 {White has an edge.} 17. Nd4 {Nf5 is the strong threat.} Qc5 {[#]} (17... g6 $11 {keeps the balance.}) 18. Nf5 $1 $16 {Strongly threatening Qg5!} h6 ({Better is} 18... Bc8 19. Ne7+ Kh8) 19. Bb3 Rfe8 {[#]} 20. Rc1 $146 {[%mdl 2048] White has strong initiative.} ({Predecessor:} 20. Qf4 Bxd5 21. Nxh6+ Kf8 22. Nf5 Rxe1+ 23. Rxe1 Re8 24. Rxe8+ Nxe8 25. h4 Bxb3 26. axb3 {0-1 (52) Cuadras Avellana,J (2245)-Fernandez Diaz,C (2230) Barcelona 2019}) 20... Rxe1+ 21. Qxe1 Re8 22. Qxe8+ $1 Nxe8 23. Rxc5 bxc5 $18 {[%mdl 4096] Endgame [#] KBN-KBN} 24. d6 $1 {[%cal Rd6d7] White wants to mate with d7.} Nf6 25. Ba4 g6 26. Nxh6+ Kf8 27. g4 (27. f3 $16) 27... Bd5 $11 {[#]} 28. f3 $1 {[%mdl 512] Black must now prevent g5.} Bxa2 (28... Bxf3 29. g5) 29. g5 Nh5 $1 30. Ng4 {And now Nf6 would win.} Nf4 31. Ne5 {Hoping for Nd7+.} c4 (31... Nh3+ $11 32. Kg2 Be6) 32. d7 (32. Nd7+ $16 Ke8 33. Nc5+ Kf8 34. Kf2) 32... Ne6 {The position is equal.} 33. Kf2 Bb3 34. Bb5 $1 a5 35. Bxc4 Bxc4 36. Nxc4 {Blacks defense is rewarded with a draw. Av CentiPawn Loss W=-12/B=-12. Weighted=-17/-14} 1/2-1/2

[Event "7th Uppsala Young Champions"]
[Site "Uppsala"]
[Date "2020.10.24"]
[Round "3.11"]
[White "Carlsson, Ludvig"]
[Black "Crevatin, Leo"]
[Result "1-0"]
[WhiteElo "2281"]
[BlackElo "2181"]
[Annotator "TA"]
[PlyCount "69"]
[EventDate "2020.10.23"]
[EventType "swiss"]
[EventCountry "SWE"]
[SourceTitle "playchess.com"]
[Source "ChessBase"]
[SourceQuality "1"]

{[%evp 11,69,-2,19,11,4,7,15,0,12,18,15,8,20,12,18,-45,31,37,68,-22,6,-59,-83,-83,-82,-70,-39,-14,80,83,169,203,289,289,299,298,296,138,139,138,135,125,140,135,160,156,158,142,158,137,227,215,220,207,222,222,293,287,371,339]} 1. d4 d5 2. Bf4 c5 3. e3 Nc6 4. c3 Nf6 5. Nd2 e6 6. Ngf3 Nh5 7. Bg5 {D02: 1 d4 d5 2 Nf3 sidelines, including 2...Nf6 3 g3 and 2...Nf6 3 Bf4.} f6 8. Bh4 g6 9. Be2 {The position is equal.} Be7 {[#]} 10. dxc5 $146 ({Predecessor:} 10. O-O cxd4 11. cxd4 O-O 12. Rc1 Ng7 13. Nb3 Nf5 14. Bg3 Nxg3 15. hxg3 Qd6 16. Qd2 {0-1 (39) Vadila,O (2078)-Lintner,I (2192) Slovakia 2019}) 10... Bxc5 11. b4 Be7 12. b5 Na5 13. Qa4 (13. O-O $11) 13... e5 (13... a6 $15) 14. Rd1 $36 {[%mdl 2048] White fights for an advantage.} O-O 15. c4 (15. Nxe5 $14 fxe5 16. Bxe7 Qxe7 17. Qxa5) 15... d4 $11 16. O-O (16. c5 $11) 16... d3 $15 17. Bxd3 Qxd3 18. Qxa5 b6 19. Qa4 Be6 {[#]} (19... g5 $11 {remains equal.} 20. Nb1 Qg6) 20. Nxe5 $1 $16 {[%mdl 512]} fxe5 (20... Qa3 $16 21. Qxa3 Bxa3) 21. Bxe7 $18 Rfc8 (21... Rf7 {is a better defense.}) 22. c5 bxc5 23. Ne4 Qc4 24. Qxc4 (24. Qa6 $1 $18 {is the precise move to win.}) 24... Bxc4 $16 25. Rfe1 ({Much weaker is} 25. Nxc5 $6 Kf7 $11) 25... Bxb5 26. Bxc5 Bc6 27. Nd6 Rc7 28. Ba3 Ng7 29. Rc1 Ne8 30. Rc4 {Rec1 is the strong threat.} Rd8 (30... Nxd6 $16 {was called for.} 31. Bxd6 Rcc8 32. Bxe5 Bd5) 31. Nxe8 $18 Rxe8 {[#]} 32. Rec1 $1 Re6 33. f4 {Black must now prevent fxe5.} exf4 {[#]} 34. e4 $1 {[%mdl 512]} Kf7 {[#] If only Black now had time for ...Kf6....} (34... Bxe4 35. Rxc7) 35. e5 $1 {[%mdl 512] Av CentiPawn Loss W=-15/B=-28. Weighted=-13/-32} 1-0

[Event "7th Uppsala Young Champions"]
[Site "Uppsala"]
[Date "2020.10.24"]
[Round "3.12"]
[White "Nemec, Jachym"]
[Black "Frank, Adam"]
[Result "1/2-1/2"]
[WhiteElo "2246"]
[BlackElo "2129"]
[Annotator "TA"]
[PlyCount "81"]
[EventDate "2020.10.23"]
[EventType "swiss"]
[EventCountry "SWE"]
[SourceTitle "playchess.com"]
[Source "ChessBase"]
[SourceQuality "1"]

{[%evp 17,81,33,50,27,27,35,24,0,35,6,1,-187,-177,-184,-192,-187,-133,-122,-117,-133,-117,-136,-85,-60,0,13,58,62,85,94,107,103,111,93,144,127,266,266,270,273,229,96,219,198,202,96,91,2,249,257,194,-446,-436,-400,-331,-311,-177,-261,-259,-135,0,0,0,0,0,0]} 1. d4 Nf6 2. c4 d6 3. Nc3 Nbd7 4. Nf3 e5 5. e4 g6 6. Be2 Bg7 7. O-O O-O 8. Re1 c6 9. Bf1 Qb6 10. h3 {E95: King's Indian: Classical: 7...Nbd7 8 Re1.} exd4 11. Nxd4 Ng4 12. Nce2 {White has an edge.} Nge5 {[#]} 13. b3 $146 ({Predecessor:} 13. Qc2 Qb4 14. Rd1 Qb6 15. Be3 Nc5 16. Nb3 Qb4 17. Ned4 Ned7 18. Bd2 Qa4 19. Ne2 {½-½ (47) Bansal,R (1956)-Ratnesan,R (1845) Llandudno 2017}) 13... Nc5 {Strongly threatening ...Ned3.} 14. Nc3 $2 (14. Nf4 $11) 14... Ned3 $1 $36 {[%mdl 2048] Keeping White busy.} 15. Be3 Nxe1 16. Qxe1 Qa5 ({Black should try} 16... Re8 $19 17. Qd2 a5) 17. Rb1 $17 {Black should prevent b4.} Ne6 18. b4 Qe5 19. Nde2 g5 (19... a5 $142 {White must now prevent ...axb4.} 20. b5 Nc5) 20. g3 g4 (20... f5 $15 21. exf5 Qxf5) 21. hxg4 $11 Ng5 22. Bg2 $1 Bxg4 {aiming for ...Nf3+.} 23. f4 {[%mdl 64] Double Attack} Qe6 24. fxg5 Qxc4 25. Qd2 a5 {[#]} (25... f5 $142) 26. b5 $1 $16 Rad8 (26... Rac8 $16) 27. Nd4 $18 d5 28. exd5 cxd5 29. Rf1 (29. b6 $18 {is more deadly.}) 29... Be5 (29... Rfe8 $16 {might work better.} 30. Bf2 Re4 31. Nxe4 {[%mdl 64] Discovered Attack} dxe4) 30. Rc1 Qb4 31. a3 (31. Rb1 $18 Qc4 32. Rb2) 31... Qxa3 $16 32. Nxd5 (32. Rf1 $16) 32... Be6 $2 {[#]} (32... Rxd5 $11 {and Black is okay.} 33. Bxd5 Rd8 34. Bxb7 Bxd4 35. Bxd4 Rxd4 36. Qxd4 Qxc1+ {[%mdl 64] Double Attack} 37. Kh2 Qc2+ 38. Bg2 Bc8) 33. Nf6+ $1 $18 {[%mdl 64] Discovered Attack} Kh8 {And now ...Rxd4! would win.} 34. Bf2 $4 {[%mdl 8192]} (34. Rd1 $18 {and all is fine.}) 34... Bxd4 $19 {[%mdl 64] Overworked Piece} (34... Rxd4 $2 35. Bxd4 Bxd4+ 36. Kh2 $17) 35. Bxd4 Rxd4 36. Qxd4 {White wants to mate with Qe4.} Qxc1+ {[%mdl 64] Double Attack} 37. Kh2 {Intending Qe4! and mate.} Qxg5 38. Bxb7 Qxb5 (38... a4 $17 39. Nd7+ Qg7 40. Qxg7+ Kxg7 41. Nxf8 Kxf8) 39. Nd7+ $1 $11 {The position is equal.} Kg8 40. Nf6+ Kh8 {...Qb4 is the strong threat.} 41. Nd7+ $1 {White used his chance. Av CentiPawn Loss W=-36/B=-35. Weighted=-40/-49} 1/2-1/2

[Event "7th Uppsala Young Champions"]
[Site "Uppsala"]
[Date "2020.10.24"]
[Round "3.13"]
[White "Rasti, Arvin"]
[Black "Hrescak, Ivana"]
[Result "0-1"]
[WhiteElo "2201"]
[BlackElo "2237"]
[Annotator "TA"]
[PlyCount "106"]
[EventDate "2020.10.23"]
[EventType "swiss"]
[EventCountry "SWE"]
[SourceTitle "playchess.com"]
[Source "ChessBase"]
[SourceQuality "1"]

{[%evp 14,106,81,69,66,75,79,71,137,115,115,123,209,144,175,174,178,164,168,164,160,133,188,163,168,-15,123,0,35,2,7,-55,-33,-33,-33,-45,-33,-33,-33,-35,-25,-7,0,-35,-37,-40,-33,-47,0,-841,-840,-816,-824,-818,-802,-791,-772,-831,-893,-684,-441,-421,-401,-534,-527,-639,-586,-708,-575,-568,-561,-547,-508,-558,-541,-541,-422,-1063,-1051,-1229,-1199,-1170,-1137,-1827,-1819,-1727,-1707,-2337,-2188,-29973,-29963,-6950,-6144,-29980,-29979]} 1. d4 Nf6 2. c4 g6 3. Nc3 Bg7 4. e4 d6 5. Be2 O-O 6. Be3 e5 7. d5 a5 8. g4 Na6 {E73: King's Indian: Averbakh Variation without 6...c5.} 9. h4 Nc5 10. f3 Nfd7 (10... h5 $142) 11. h5 Bf6 {[#]} 12. Nh3 $146 ({Predecessor:} 12. Qd2 Bh4+ 13. Kd1 g5 14. Rxh4 gxh4 15. Bg5 f6 16. Bxh4 Rf7 17. Ke1 Nf8 18. Nh3 {1-0 (32) Sakaev,K (2596)-Klimentov,R (2182) Lipetsk 2020}) 12... Re8 (12... g5 $16) 13. hxg6 fxg6 14. Qd2 a4 15. Ng5 Nf8 16. Rh2 Re7 17. Kf2 b6 (17... Ra6 $16 18. Rc1 Bd7) 18. Kg3 Rg7 19. Nh3 $2 ({Better is} 19. Rg1 $18) 19... g5 {[#]} (19... Bh4+ $11 {remains equal.} 20. Kg2 g5) 20. Rhh1 (20. Rah1 $1 $16) 20... h6 21. Rab1 Ng6 22. Bf2 (22. Rbg1 $11) 22... Rh7 23. Kg2 h5 24. Be3 {[%cal Rh3g5]} Nf4+ 25. Nxf4 gxf4 26. Bf2 hxg4 {aiming for ...Rxh1.} 27. Rxh7 gxf3+ 28. Kxf3 Kxh7 29. Rh1+ Kg7 30. Qe1 {Black must now prevent Qg1+.} Qe8 $40 {[%mdl 128] Black is up to no good.} 31. Nb5 $2 {[%mdl 8192] [#] Black converts the advantage convincingly.} (31. Qg1+ $11 Qg6 32. Bxc5 bxc5 33. Nb5) 31... Bg4+ $1 $19 {[%mdl 512]} 32. Kg2 (32. Kxg4 Qg6+) 32... Qg6 33. Bxg4 Qxg4+ 34. Kf1 Qf3 35. Rg1+ Kf7 {( -> ...Qh3+)} 36. Qe2 Qxe2+ 37. Kxe2 Nxe4 38. Nxc7 Rc8 39. Bxb6 Rb8 40. Kd3 Ng5 (40... Rxb6 $2 41. Kxe4 Rxb2 42. Nb5 $19) 41. c5 dxc5 42. Bxc5 Rxb2 {Threatens to win with ...e4+.} 43. d6 e4+ 44. Kc4 Rc2+ 45. Kd5 (45. Kb5 $142) 45... e3 46. d7 Rd2+ 47. Kc6 Nf3 48. Nd5 Ne5+ 49. Kd6 {[#]} Nxd7 $1 {[%mdl 512]} 50. Bb4 (50. Kxd7 Rxd5+) 50... Be7+ 51. Kxd7 Rxd5+ 52. Kc6 Rf5 53. Bc3 Rc5+ {[%mdl 64] Double Attack. Av CentiPawn Loss W=394/B=-47. Weighted=10/-39} 0-1

[Event "7th Uppsala Young Champions"]
[Site "Uppsala"]
[Date "2020.10.24"]
[Round "3.14"]
[White "Ostlund, Joar"]
[Black "Muetsch, Annmarie"]
[Result "*"]
[WhiteElo "2106"]
[BlackElo "2226"]
[Annotator "RC"]
[PlyCount "41"]
[EventDate "2020.10.23"]
[EventType "swiss"]
[EventCountry "SWE"]
[SourceTitle "playchess.com"]
[Source "ChessBase"]
[SourceQuality "1"]
[TimeControl "5400+30"]

1. d4 {[%emt 0:00:00]} Nf6 {[%emt 0:00:00]} 2. c4 {[%emt 0:00:00]} g6 {[%emt 0:00:00]} 3. Nc3 {[%emt 0:00:00]} Bg7 {[%emt 0:00:00]} 4. e4 {[%emt 0:00:00]} d6 {[%emt 0:00:00]} 5. Nf3 {[%emt 0:00:12]} O-O {[%emt 0:00:13]} 6. Be2 {[%emt 0:00:21]} e5 {[%emt 0:01:35]} 7. O-O {[%emt 0:00:26]} Na6 {[%emt 0:00:10]} 8. dxe5 {[%emt 0:01:58]} dxe5 {[%emt 0:00:09]} 9. Be3 {[%emt 0:00:41]} c6 {[%emt 0:03:28]} 10. a3 {[%emt 0:05:23]} Qe7 {[%emt 0:03:32]} 11. Qc2 {[%emt 0:01:46]} Ng4 {[%emt 0:02:28]} 12. Bg5 {[%emt 0:05:53]} f6 {[%emt 0:03:07]} 13. Bd2 {[%emt 1:19:50]} Nc5 {[%emt 0:04:59]} 14. h3 {[%emt 1:18:49]} Nh6 {[%emt 0:00:10]} 15. b4 {[%emt 0:05:15]} Ne6 {[%emt 0:00:25]} 16. c5 {[%emt 0:07:26]} g5 {[%emt 0:05:53]} 17. Bc4 {[%emt 0:09:31]} Kh8 {[%emt 0:01:55]} 18. Rad1 {[%emt 0:10:42]} Qe8 {[%emt 0:05:00]} 19. Ne2 {[%emt 0:12:24]} Nf4 {[%emt 0:05:23]} 20. Bc1 Qg6 {[%emt 0:00:30]} 21. Rd6 *

[Event "7th Uppsala Young Champions"]
[Site "Uppsala"]
[Date "2020.10.24"]
[Round "3.15"]
[White "Nilsson, Joakim"]
[Black "Johnson, Daniel"]
[Result "0-1"]
[WhiteElo "2224"]
[BlackElo "2100"]
[Annotator "TA"]
[PlyCount "72"]
[EventDate "2020.10.23"]
[EventType "swiss"]
[EventCountry "SWE"]
[SourceTitle "playchess.com"]
[Source "ChessBase"]
[SourceQuality "1"]

{[%evp 21,72,0,-18,-18,-30,-36,-40,-46,-37,-44,-19,-34,-35,-59,-37,-46,-20,-25,-20,-34,-12,-56,-60,-103,-103,-100,-95,-113,-78,-102,-71,-80,-81,-83,-69,-198,-179,-222,-210,-129,-54,-1002,-973,-943,-934,-1505,-1503,-1189,-1045,-29986,-29987,-29983,-2027]} 1. d4 d5 2. Nf3 Nf6 3. c4 e6 4. Nc3 Be7 5. Bg5 h6 6. Bh4 O-O 7. e3 b6 8. Qc2 Bb7 9. Bxf6 Bxf6 10. cxd5 exd5 11. Bd3 c5 12. O-O {D58: Queen's Gambit Declined: Tartakower Defence.} Nc6 {[%cal Rc5d4] [#]} 13. Rad1 $146 ({Predecessor:} 13. Bb5 c4 14. Qf5 Nb4 15. Ne1 a6 16. Ba4 Bc8 17. Qh5 b5 18. a3 Nc6 19. Bc2 Be6 {½-½ (29) Tassone,R (2039)-Novikov,A ICCF email 2014}) 13... Nb4 14. Qd2 {Black is slightly better.} Nxd3 15. Qxd3 c4 16. Qb1 Re8 17. Rfe1 Qd7 18. b3 Rac8 19. bxc4 Rxc4 20. Ne2 {[%cal Bc3e2,Be2c1,Bc1d3][%mdl 32]} Qa4 21. Rd2 Rec8 $36 {[%mdl 2048] White is under pressure.} 22. Nc1 Be7 23. Nd3 Qa5 24. h3 Ba3 25. Rdd1 Bc6 {aiming for ...Ba4.} 26. Nde5 {Threatening Qf5.} Ba4 $1 {Threatens to win with ...R4c7.} 27. Nxc4 dxc4 28. Rc1 (28. Re2 $15) 28... c3 {Strongly threatening ...c2.} 29. Rc2 Bxc2 30. Qxc2 Qb5 (30... Bb2 $17 31. Ne5 Qxa2) 31. Rb1 $2 {[%mdl 8192] [#]} (31. Rd1 $15) 31... Qxb1+ $1 $19 {[%mdl 576] Promotion} 32. Qxb1 c2 33. Qb3 c1=Q+ 34. Kh2 Bd6+ 35. g3 {[#]} Qf1 $1 36. Qb2 {[#]} Rc1 {Av CentiPawn Loss W=-99/B=-58. Weighted=-135/-32} (36... Ba3 $142 $1 37. Qd2 (37. Qxa3 Qxf2+) 37... Rc1 38. Ne1 Rxe1 39. Qxe1 Qxe1 40. Kg2 {[#]} Qe2 $1 {[%mdl 512]} 41. d5 Bb4 42. d6 Be1 43. d7 Qxf2+ {[%mdl 64] Double Attack} 44. Kh1 Qf3+ 45. Kg1 Bf2+ {[%mdl 64] Double Attack} 46. Kf1 Bxg3+ {[%mdl 64] Discovered Attack} 47. Kg1 Qf2+ {[%mdl 64] Double Attack} 48. Kh1 Qh2#) 0-1

[Event "7th Uppsala Young Champions"]
[Site "Uppsala"]
[Date "2020.10.24"]
[Round "3.15"]
[White "Nilsson, Joakim"]
[Black "Johnson, Daniel"]
[Result "*"]
[WhiteElo "2224"]
[BlackElo "2100"]
[Annotator "TA"]
[PlyCount "61"]
[EventDate "2020.10.23"]
[EventType "swiss"]
[EventCountry "SWE"]
[SourceTitle "playchess.com"]
[Source "ChessBase"]
[SourceQuality "1"]

{[%evp 26,60,0,12,42,42,42,25,41,22,17,18,14,22,34,-12,75,86,74,47,221,234,300,294,294,285,759,743,1176,1131,29988,29989,29987,29990,29995,29996,29999]} 1. e4 c6 2. d4 d5 3. Nc3 dxe4 4. Nxe4 Bf5 5. Ng3 Bg6 6. h4 h6 7. Nf3 Nd7 8. h5 Bh7 9. Bd3 Bxd3 10. Qxd3 e6 11. Bd2 Ngf6 12. O-O-O Be7 13. Kb1 O-O 14. Ne4 Nxe4 {B19: Classical Caro-Kann: 4...Bf5 main line.} 15. Qxe4 Nf6 16. Qe2 Qd5 {White has an edge.} 17. Be3 Ng4 18. Bf4 Qb5 19. Rd3 Rad8 {[#]} 20. Rh3 $146 ({Predecessor:} 20. Nd2 Qf5 21. Rf3 Rxd4 22. Be3 Qe5 23. Nc4 Qe4 24. Nd2 Qe5 25. Nc4 Qe4 26. Nd2 Qe5 {½-½ (26) Jones,G (2668)-Swapnil,S (2532) Douglas 2017}) 20... Bf6 (20... Nf6 $11) 21. Rg3 $16 Qf5 22. Bc1 e5 $2 {[#] This costs Black the game.} (22... Be7 $14) 23. Nd2 $1 $18 Nxf2 24. Rgf3 Qxh5 25. Qxf2 exd4 $2 (25... Bh4 26. g3 Bg5 27. dxe5 b6) 26. Rxf6 gxf6 27. Ne4 Kh8 28. Qxf6+ {[%mdl 64] [#] Double Attack. White mates.} Kh7 29. Rh3 Qxh3 30. gxh3 Rh8 31. Qxf7# {Av CentiPawn Loss W=154/B=-133. Weighted=52/-158} *